LEADER 01220nam a2200301 a 4500 001 000000138761 003 CaOOAMICUS 005 20140611111822.0 008 140611s2012 fr u000 u fre r 020 $a978-2-0812-7092-3 040 $aPUL$bita 082 04$a320.1 100 1 $aManent, Pierre.$0(OLS)http://pul/name/40116 245 14$aLes métamorphoses de la cité :$bessai sur la dynamique de l'Occident /$cPierre Manent. 260 $aParis :$bFlammarion,$c©2012. 300 $a424 p. ;$c18 cm 490 1 $aChamps essais 504 $aBibliografia in nota. 650 4$aStato$xConcetto.$0(OLS)http://pul/subject/7404 830 0$aChamps essais.$0(OLS)http://pul/title/175681 850 $aPUL 852 $aPUL$W1$xSL Diritto e Scienze Sociali 3$y79$m320. 1 MANPI 4$j160170$qDDC 21$B159625$CPULBib$Z2$F159625 $H124195 $82 941 1 $a9 996 $6020$a978-2-0812-7092-3$9(OLS)http://pul/number/155484 996 $6082$a320.1$9(OLS)http://pul/classification/582 996 $6245$aLes métamorphoses de la cité :$bessai sur la dynamique de l'Occident$9(OLS)http://pul/title/175680 996 $6260$aParis :$bFlammarion$9(OLS)http://pul/publisher/48204 LEADER 01430nam a2200313 a 4500 001 000000124524 003 CaOOAMICUS 005 20110304104413.0 008 110304s2010 it u000 u ita r 020 $a978-88-34-81403-1 040 $aPUL$bita 082 04$a340.1 245 00$aPercorsi tra bioetica e diritto :$balla ricerca di un bilanciamento /$ca cura di Lorenzo Chieffi, Pasquale Giustiniani. 260 $aTorino :$bG. Giappichelli,$c2010. 300 $a285 p. ;$c24 cm. 490 1 $aCentro Interuniversitario di ricerca bioetica ;$vQuaderno 6 504 $aBibliografia in nota. 650 4$aBioetica$xDiritto.$0(OLS)http://pul/subject/34224 700 1 $aChieffi, Lorenzo.$0(OLS)http://pul/name/78665 700 1 $aGiustiniani, Pasquale,$d1951-$0(OLS)http://pul/name/40111 830 0$aCentro Interuniversitario di ricerca bioetica ;$vQuaderno 6.$0(OLS)http://pul/title/156976 850 $aPUL 852 $aPUL$W1$xSL Diritto e Scienze Sociali 3$y79$m340. 1 CHILO 1$j143391$qDDC 21$B142425$CPULBib$Z2$F142425 $H116256 $82 941 1 $a9 996 $6020$a978-88-34-81403-1$9(OLS)http://pul/number/146557 996 $6082$a340.1$9(OLS)http://pul/classification/476 996 $6245$aPercorsi tra bioetica e diritto :$balla ricerca di un bilanciamento$9(OLS)http://pul/title/156974 996 $6260$aTorino :$bG. Giappichelli$9(OLS)http://pul/publisher/49130